National Anthem of Kosovo - Himni i Republikës së Kosovës - Statistics

General Stats
  • This quiz has been taken 4 times
  • The average score is 32 of 46
Answer Stats
Lyrics % Correct
i
100%
i
100%
i
100%
i
100%
i
100%
mot
100%
O
100%
O
100%
O
100%
bekue
67%
Çerdhe
67%
Çerdhe
67%
dalim
67%
dashur,
67%
dashur,
67%
dashurisë
67%
dashurisë
67%
dhe
67%
e
67%
e
67%
e
67%
e
67%
fluturojnë
67%
jetë
67%
jonë
67%
mëmëdhe
67%
mëmëdhe
67%
ndriçojnë
67%
Ne
67%
parëve
67%
për
67%
67%
67%
Ti
67%
tonë
67%
trimnisë
67%
trimnisë
67%
vend
67%
Vend
67%
vend
67%
yjet
67%
Zot
67%
nënë
33%
N`ty
33%
qofsh
33%
shqipet
33%
No matching quizzes found
Score Distribution
Percent of People with Each Score
Percentile by Number Answered
Your Score History
You have not taken this quiz